000 00779na a2200265 4500
001 15256
003 MIRAKIL
005 20181213155201.0
008 161005b tu 000 0
035 _a15256
040 _aMilas
_btur
_cTR-AnCHP
082 _aCHP 352.0093
_bC85 2005
090 _aCHP 352.0093 C85 2005
110 _aCumhuriyet Halk Partisi
245 _aYerel yönetimler için anımsatmalar
_cCHP yerel yönetimler
260 _aAnkara
_b[Başak Matbaacılık]
_c2005
300 _a184 s.
_btbl.
_c23 sm.
650 _aCHP
_xYerel yönetimler
_yTarih
650 _aYerel yönetimler
_xTarih
_yTemel bilgiler
650 _aSiyasal partiler
_zTürkiye
700 _a
710 _aCumhuriyet Halk Partisi
830 _aCHP Yayınları
942 _2ddc
_cBKS
999 _c8131
_d8131